| 000 | 00364nam a22001457a 4500 | ||
|---|---|---|---|
| 005 | 20250915150506.0 | ||
| 008 | 250915b |||||||| |||| 00| 0 eng d | ||
| 020 | _a9964781741 | ||
| 050 |
_aBV4222 _bTHA |
||
| 100 | _aTHANGARAJ THOMAS M. | ||
| 245 | _aPREACHING AS COMMUNICATION | ||
| 260 |
_aACCRA _bASEMPA PUBLISHERS _cc1986 |
||
| 300 | _a65p | ||
| 942 |
_2lcc _cBK _n0 |
||
| 999 |
_c7563 _d7563 |
||